Хождение во власть (Запись № 7094936)

Подробности
000 -МАРКЕР
контрольное поле 01067nam0a22003011 4500
001 - ИДЕНТИФИКАТОР ЗАПИСИ
контрольное поле rc\123721
005 - ИДЕНТИФИКАТОР ВЕРСИИ
контрольное поле 20260405070506.0
010 ## - МЕЖДУНАРОДНЫЙ СТАНДАРТНЫЙ НОМЕР КНИГИ (ISBN)
Номер (ISBN) 5-7020-0411-6
Тираж 50000
035 ## - ДРУГИЕ СИСТЕМНЫЕ НОМЕРА
Идентификатор записи (NLR Aleph) 005380435
100 ## - ДАННЫЕ ОБЩЕЙ ОБРАБОТКИ
Данные общей обработки 20021216d1991 u y0rusy50 ca
101 0# - ЯЗЫК РЕСУРСА
Язык текста, звукозаписи и т.д. русский
102 ## - СТРАНА ПУБЛИКАЦИИ ИЛИ ПРОИЗВОДСТВА
Страна публикации Российская Федерация
105 ## - ПОЛЕ КОДИРОВАННЫХ ДАННЫХ: ТЕКСТОВЫЕ МАТЕРИАЛЫ, МОНОГРАФИЧЕСКИЕ
Кодированные данные о монографическом текстовом документе a |||||||||
200 1# - ЗАГЛАВИЕ И СВЕДЕНИЯ ОБ ОТВЕТСТВЕННОСТИ
Основное заглавие Хождение во власть
Первые сведения об ответственности [Лит. запись А. Чернова]
205 ## - СВЕДЕНИЯ ОБ ИЗДАНИИ
Сведения об издании 2-е изд., доп.
210 ## - ПУБЛИКАЦИЯ, РАСПРОСТРАНЕНИЕ И ДР.
Место издания, распространения и т.д. М.
Имя издателя, распространителя и т. д. Новости
Дата издания, распространения и т.д. 1991
215 ## - ФИЗИЧЕСКАЯ ХАРАКТЕРИСТИКА
Специфическое обозначение материала и объем 285, [2] с., [16] л. ил.
Размеры 20
225 1# - СЕРИЯ
Основное заглавие серии Время. События. Люди
300 ## - ОБЩИЕ ПРИМЕЧАНИЯ
Текст примечания На обл.: После путча
700 #1 - ИМЯ ЛИЦА - ПЕРВИЧНАЯ ОТВЕТСТВЕННОСТЬ
Начальный элемент ввода Собчак
Часть имени, кроме начального элемента ввода А. А.
Даты 1937-2000
Расширение инициалов личного имени Анатолий Александрович
Системный номер авторитетной/нормативной записи 146709
Идентификатор авторитетной/нормативной записи RU\NLR\AUTH\770146745
702 #1 - ИМЯ ЛИЦА - ВТОРИЧНАЯ ОТВЕТСТВЕННОСТЬ
Код отношения Прочие
Материалы, к которым относится поле rus
Графика поля Кириллица
Начальный элемент ввода Чернов
Часть имени, кроме начального элемента ввода А. Ю.
Дополнения к именам, кроме дат поэт, публицист
Даты 1953-
Расширение инициалов личного имени Андрей Юрьевич
Идентификатор авторитетной/нормативной записи RU\NLR\AUTH\7723915
Системный номер авторитетной/нормативной записи 6968
801 #0 - ИСТОЧНИК ЗАПИСИ
Страна Российская Федерация
Организация NLR
Правила каталогизации psbo
801 #1 - ИСТОЧНИК ЗАПИСИ
Страна Российская Федерация
Организация ELAR
Источник данных rusmarc
852 ## - МЕСТОНАХОЖДЕНИЕ И ШИФР ХРАНЕНИЯ
Идентификатор организации NLR
Шифр хранения (Call Number) 91-3/12001
942 ## - ДОПОЛНИТЕЛЬНЫЕ ЭЛЕМЕНТЫ ЗАПИСИ (АБИС)
Тип экземпляра АБИС Книга
980 ## - КОЛЛЕКЦИЯ
Название коллекции Национальная библиография
Экземпляры
Тип экземпляра Дата поступления Библиотека постоянного хранения Библиотека текущего хранения Место хранения Шифр хранения Штрих-код Статус экземпляра Стоимость Источник поступления
Книга 26.10.2013 РНБ (Московский) РНБ (Московский) Русский книжный фонд: издания с 1957 года 91-3/12001 5380435-10      
Книга 14.08.2014 РНБ (Московский) РНБ (Московский) Фонд общего зала социально-экономической литературы С1 Ф3(2)/С-557 1-609594   5.90  
Книга 23.01.2015 РНБ (Фонтанка) РНБ (Фонтанка) Юношеский читальный зал Ю Ф3(2)/С-55 1-703741     Источник неизвестен